Iglesias de México (Record no. 148)

MARC details
000 -CABECERA
campo de control de longitud fija 01002nam a2200253 a 4500
001 - NÚMERO DE CONTROL
campo de control BRCA_177
005 - FECHA Y HORA DE LA ÚLTIMA TRANSACCIÓN
campo de control 20190320202917.0
008 - DATOS DE LONGITUD FIJA--INFORMACIÓN GENERAL
campo de control de longitud fija 750530s1981----mx-a---###---#000-0#spa-#
040 ## - FUENTE DE LA CATALOGACIÓN
Centro catalogador/agencia de origen DLC
Centro/agencia transcriptor NBuC
Centro/agencia modificador OCoLC
050 #4 - SIGNATURA TOPOGRÁFICA DE LA BIBLIOTECA DEL CONGRESO
Número de clasificación NA5257.M4
Número de documento/Ítem .I35 1981
245 10 - MENCIÓN DE TÍTULO
Título Iglesias de México
Mención de responsabilidad, etc. texto y dibujos del Dr. Atl [pseudónimo] ; Manuel Toussaint ; fotografías de Guillermo Kahlo.
260 ## - PUBLICACIÓN, DISTRIBUCIÓN, ETC.
Lugar de publicación, distribución, etc. México
Nombre del editor, distribuidor, etc. Banco de México
Fecha de publicación, distribución, etc. 1981
300 ## - DESCRIPCIÓN FÍSICA
Extensión 6 v.
Otras características físicas il. mapas
Dimensiones 41 cm.
500 ## - NOTA GENERAL
Nota general Facsímil de: Secretaría de Hacienda, 1927
505 0# - NOTA DE CONTENIDO CON FORMATO
Nota de contenido con formato Contenido: v.1. Cúpulas. -- v.2. Catedral. -- v.3. Ultra-barrocos. -- v.4. Tipos poblanos. -- v.5. Altares. -- v.6. 1525-1925
650 14 - PUNTO DE ACCESO ADICIONAL DE MATERIA--TÉRMINO DE MATERIA
Término de materia o nombre geográfico como elemento de entrada Iglesias
Subdivisión general Fotografías
Subdivisión geográfica México
9 (RLIN) 648
653 0# - TÉRMINO DE INDIZACIÓN--NO CONTROLADO
Término no controlado Arquitectura religiosa
653 0# - TÉRMINO DE INDIZACIÓN--NO CONTROLADO
Término no controlado Ordenes religiosas
700 1# - PUNTO DE ACCESO ADICIONAL--NOMBRE DE PERSONA
Nombre de persona Toussaint, Manuel
Fechas asociadas al nombre 1890-1955
9 (RLIN) 649
700 1# - PUNTO DE ACCESO ADICIONAL--NOMBRE DE PERSONA
Nombre de persona Benítez, José R.
Fechas asociadas al nombre 1882-
9 (RLIN) 650
700 1# - PUNTO DE ACCESO ADICIONAL--NOMBRE DE PERSONA
Nombre de persona Kahlo, Guillermo
Fechas asociadas al nombre 1871-
9 (RLIN) 651
700 1# - PUNTO DE ACCESO ADICIONAL--NOMBRE DE PERSONA
Nombre de persona Murillo, Gerardo
Títulos y otros términos asociados al nombre (Dr. Atl.)
Fechas asociadas al nombre 1875-1964
9 (RLIN) 652
942 ## - ELEMENTOS DE PUNTO DE ACCESO ADICIONAL (KOHA)
Fuente del sistema de clasificación o colocación Library of Congress Classification
Tipo de ítem Koha Libros
Holdings
Estado de retiro Estado de pérdida Estado dañado No para préstamo Localización permanente Ubicación/localización actual Fecha de adquisición Total de préstamos Signatura topográfica completa Código de barras Fecha visto por última vez Precio válido a partir de Tipo de ítem Koha Código de colección
El ejemplar forma parte de la colección y puede ser consultado según las políticas vigentes.       Biblioteca del Museo Franz Mayer (Rogerio Casas-Alatriste) Biblioteca del Museo Franz Mayer (Rogerio Casas-Alatriste) 25/06/2008   NA5257.M4 .I35 1981 00237 22/03/2019 22/03/2019 Libros  
El ejemplar forma parte de la colección y puede ser consultado según las políticas vigentes.       Biblioteca del Museo Franz Mayer (Rogerio Casas-Alatriste) Biblioteca del Museo Franz Mayer (Rogerio Casas-Alatriste) 29/09/2010   NA5257.M4 .I35 1981 00238 22/03/2019 22/03/2019 Libros Acervo General
El ejemplar forma parte de la colección y puede ser consultado según las políticas vigentes.       Biblioteca del Museo Franz Mayer (Rogerio Casas-Alatriste) Biblioteca del Museo Franz Mayer (Rogerio Casas-Alatriste) 29/09/2010   NA5257.M4 .I35 1981 00239 22/03/2019 22/03/2019 Libros Acervo General
El ejemplar forma parte de la colección y puede ser consultado según las políticas vigentes.       Biblioteca del Museo Franz Mayer (Rogerio Casas-Alatriste) Biblioteca del Museo Franz Mayer (Rogerio Casas-Alatriste) 29/09/2010   NA5257.M4 .I35 1981 00240 22/03/2019 22/03/2019 Libros Acervo General
El ejemplar forma parte de la colección y puede ser consultado según las políticas vigentes.       Biblioteca del Museo Franz Mayer (Rogerio Casas-Alatriste) Biblioteca del Museo Franz Mayer (Rogerio Casas-Alatriste) 29/09/2010   NA5257.M4 .I35 1981 00241 22/03/2019 22/03/2019 Libros Acervo General
El ejemplar forma parte de la colección y puede ser consultado según las políticas vigentes.       Biblioteca del Museo Franz Mayer (Rogerio Casas-Alatriste) Biblioteca del Museo Franz Mayer (Rogerio Casas-Alatriste) 29/09/2010   NA5257.M4 .I35 1981 00242 22/03/2019 22/03/2019 Libros